|
|
|
|
| LEADER |
00000nam0a2200000 4500 |
| 001 |
324771 |
| 005 |
20231102003711.0 |
| 035 |
|
|
|a (RuTPU)RU\TPU\book\350382
|
| 090 |
|
|
|a 324771
|
| 100 |
|
|
|a 20161122d1970 km y0rusy50 ca
|
| 101 |
0 |
|
|a rus
|
| 102 |
|
|
|a RU
|
| 105 |
|
|
|a y z 001zb
|
| 200 |
1 |
|
|a Ленин о труде и праве
|e сборник статей
|f Ленинградский государственный университет (ЛГУ) ; под ред. А. С. Пашкова
|
| 210 |
|
|
|a Ленинград
|c Изд-во Ленинградского ун-та
|d 1970
|
| 215 |
|
|
|a 180 с.
|
| 320 |
|
|
|a Библиография в примечаниях
|
| 600 |
|
1 |
|a Ленин
|b В. И.
|c настоящая фамилия Ульянов
|c российский политический деятель
|f 1870-1924
|g Владимир Ильич
|2 stltpush
|3 (RuTPU)RU\TPU\pers\1074
|9 486
|
| 606 |
1 |
|
|a Труд
|x Экономика
|y Россия
|2 stltpush
|3 (RuTPU)RU\TPU\subj\37095
|9 58241
|
| 606 |
1 |
|
|a Трудовое право
|y Россия
|2 stltpush
|3 (RuTPU)RU\TPU\subj\61983
|9 79144
|
| 610 |
1 |
|
|a ленинские принципы
|
| 610 |
1 |
|
|a ленинская концепция
|
| 610 |
1 |
|
|a организация труда
|
| 610 |
1 |
|
|a трудовое законодательство
|
| 610 |
1 |
|
|a рабочее время
|
| 610 |
1 |
|
|a дисциплина труда
|
| 610 |
1 |
|
|a производственные коллективы
|
| 610 |
1 |
|
|a управление
|
| 610 |
1 |
|
|a профсоюзы
|
| 610 |
1 |
|
|a правовые основы
|
| 610 |
1 |
|
|a рационализаторская деятельность
|
| 610 |
1 |
|
|a страхование
|
| 686 |
|
|
|a У9(2)24
|v LBC/SL-A
|2 rubbk
|
| 686 |
|
|
|a Х627
|v LBC/SL-A
|2 rubbk
|
| 702 |
|
1 |
|a Пашков
|b А. С.
|g Алексей Степанович
|4 340
|
| 712 |
0 |
2 |
|a Ленинградский государственный университет (ЛГУ)
|c (1924-1991)
|2 stltpush
|3 (RuTPU)RU\TPU\col\77
|
| 801 |
|
1 |
|a RU
|b 63413507
|c 20161122
|
| 801 |
|
2 |
|a RU
|b 63413507
|c 20211210
|g RCR
|
| 942 |
|
|
|c BK
|